production leche - Statistiques

Statistiques générales
  • Ce quiz a été pris 2 fois
  • Le résultat moyen est 6 sur 10
Statistiques - réponses
Question Réponse % Correct
cuantos coste el litro de leche 29 centimos
100%
Europa, América y Asia son los tres continentes más productores de leche de vaca 30%
100%
Oceanía y África producen 5 %
100%
parda alpina l/l 7000
100%
producción mundial de leche de vaca 718 milliones
100%
Quien ha creado la granja mayor del mundo (100.000 vacas) para exportar a Rusia china
100%
cuantos coste el litro producido 0.015
0%
frisona l/l 10000
0%
Cuantos UE consume de toneladas/año 127
0%
Cuantos UE produce de toneladas/año 132
0%
cuantas vacas en el mundo 1390 milliones
0%
numero de vacas lecheras en UE en milliones 23,4
0%
cuantas vacas lecheras 280 milliones
0%
cuantos producto America 33%
0%
milk shorthorn %MG 3.6
0%
frisona %MG 3.6
0%
cuantos coste la produccion de leche 36 centimos
0%
ayrshire %MG 3.9
0%
simmenthal %MG 4
0%
parda alpina %MG 4
0%
roja sueca %MG 4.3
0%
normanda %MG 4.4
0%
guernsey %MG 4.7
0%
jersey %MG 4.9
0%
jersey l/l 5000
0%
guernsey l/l 5200
0%
milk shorthorn l/l 5200
0%
ayrshire l/l 5700
0%
normanda l/l 6000
0%
simmenthal l/l 6000
0%
roja sueca l/l 8000
0%
continentes con el crecimiento de producción muy lento africa
0%
lider de produccion en Europa Alemania
0%
Produccion en Europa (FALSA) Alemania 19% y espana 5%
0%
pais con el mayor crecimiento en la producción china
0%
HIPOMAGNESEMIA Idiopática
0%
el país que produce más al estilo europeo japon
0%
pais que produce a menos coste? polonia
0%
primer productor mundial (22%) UE
0%
exportador de leche Unión Europea - Nueva Zelanda - Australia - Argentina - Estados Unidos
0%
?UE el primer productor y exportador mundial de leche de vaca y derivados? verdad
0%
Aucun quiz correspondant
Distribution des résultats
% des personnes avec chaque résultat
Percentile par nombre de réponses
Votre historique - résultats
Vous n’avez pas pris ce quiz